Autobiografía del fascismo / (Record no. 113439)

MARC details
000 -LEADER
campo de control de longitud fija 00812nam a2200217 i 4500
001 - NÚMERO DE CONTROL
campo de control 113439
003 - IDENTIFICADOR DE NÚMERO DE CONTROL
campo de control ES-MaACL
005 - FECHA Y HORA DE LA ÚLTIMA TRANSACCIÓN
campo de control 20230906185907.0
007 - CAMPO FIJO DE DESCRIPCIÓN FÍSICA--INFORMACIÓN GENERAL
campo de control de longitud fija t|
008 - DATOS DE LONGITUD FIJA--INFORMACIÓN GENERAL
campo de control de longitud fija 061121s1977 sp r ||||1| spa d
245 00 - MENCIÓN DEL TÍTULO
Título Autobiografía del fascismo /
Mención de responsabilidad, etc. dirección Enzo Nizza ; notas históricas Ruggero Zangrandi ; introducción a la edición española Manuel Rubio Cabeza ; versión de Jaime Forga.
260 ## - PUBLICACIÓN, DISTRIBUCIÓN, ETC.
Lugar de publicación, distribución, etc. Barcelona :
Nombre del editor, distribuidor, etc. Glosa,
Fecha de publicación, distribución, etc. 1977.
300 ## - DESCRIPCIÓN FÍSICA
Extensión XV, 311 p. : principalmente il. col. y n. ;
Dimensiones 23 x 24 cm.
650 ## - PUNTO DE ACCESO ADICIONAL DE MATERIA--TÉRMINO DE MATERIA
Término de materia o nombre geográfico como elemento de entrada Fascismo-
Subdivisión geográfica Italia.
9 (RLIN) 160050
651 #4 - PUNTO DE ACCESO ADICIONAL DE MATERIA--NOMBRE GEOGRÁFICO
Nombre geográfico Italia-
Subdivisión general Historia-
Subdivisión cronológica 1914-1945.
9 (RLIN) 159351
700 1# - ENTRADA AGREGADA--NOMBRE PERSONAL
Nombre de persona Zangrandi, Ruggero.
9 (RLIN) 117975
700 1# - ENTRADA AGREGADA--NOMBRE PERSONAL
Nombre de persona Rubio Cabeza, Manuel.
9 (RLIN) 100389
700 1# - ENTRADA AGREGADA--NOMBRE PERSONAL
Nombre de persona Forga, Jaime.
9 (RLIN) 51738
700 0# - ENTRADA AGREGADA--NOMBRE PERSONAL
Nombre de persona Nizza, Enzo.
9 (RLIN) 85790
852 ## - LOCALIZACIÓN
Ubicación ES-MaACL
Número de control de estantería A-6491
Sublocalización o colección R.95841
Holdings
Estatus retirado Estado de pérdida Estado de daño No para préstamo Biblioteca de origen Biblioteca actual Ubicación en estantería Fecha de adquisición Fuente de adquisición Total de préstamos Signatura topográfica completa Código de barras Visto por última vez Precio de reemplazo Tipo de ítem Koha
        Biblioteca del Ateneo de Madrid Biblioteca del Ateneo de Madrid Sala Pecera Planta 1 17/01/2008     A-6491 1118314 23/02/2023 23/02/2023 Libro impreso